| 000 | 00394 a2200133 4500 | ||
|---|---|---|---|
| 005 | 20250629164037.0 | ||
| 020 | _a0-7645-7308-x | ||
| 082 | _a030 REF WEB | ||
| 111 | _aWebster's New World Dictionary of Quotations, | ||
| 245 | _aWebster's New World Dictionary of Quotations, | ||
| 260 |
_bWiley Publishing, Inc, _c2005. |
||
| 300 |
_a1283p,: ill.; figure, picture, table _c21cm |
||
| 942 |
_2ddc _cBKS |
||
| 999 |
_c6440 _d6440 |
||